000
00336nam a2200133Ia 4500
008
240624s9999 xx 000 0 und d
041
_a
eng
082
_a
823 GAR
100
_a
GARDNER ERLE STANLEY
245
_a
CASE OF THE BEAUTIFUL BEGGAR
260
_c
2007
_a
New Delhi
_b
Master Mind Books
300
_a
251 p.; 17 cm.
365
_c
RS
999
_c
28945
_d
28945